|
|
|
|
| LEADER |
02656nam a22004935i 4500 |
| 001 |
978-3-642-31977-8 |
| 003 |
DE-He213 |
| 005 |
20151125231639.0 |
| 007 |
cr nn 008mamaa |
| 008 |
130125s2013 gw | s |||| 0|eng d |
| 020 |
|
|
|a 9783642319778
|9 978-3-642-31977-8
|
| 024 |
7 |
|
|a 10.1007/978-3-642-31977-8
|2 doi
|
| 040 |
|
|
|d GrThAP
|
| 050 |
|
4 |
|a QD146-197
|
| 072 |
|
7 |
|a PNK
|2 bicssc
|
| 072 |
|
7 |
|a SCI013030
|2 bisacsh
|
| 082 |
0 |
4 |
|a 546
|2 23
|
| 245 |
1 |
0 |
|a Electronic Structure and Number Theory
|h [electronic resource] :
|b Bohr’s Boldest Dream /
|c edited by Jan C.A. Boeyens, Peter Comba.
|
| 264 |
|
1 |
|a Berlin, Heidelberg :
|b Springer Berlin Heidelberg :
|b Imprint: Springer,
|c 2013.
|
| 300 |
|
|
|a XI, 183 p.
|b online resource.
|
| 336 |
|
|
|a text
|b txt
|2 rdacontent
|
| 337 |
|
|
|a computer
|b c
|2 rdamedia
|
| 338 |
|
|
|a online resource
|b cr
|2 rdacarrier
|
| 347 |
|
|
|a text file
|b PDF
|2 rda
|
| 490 |
1 |
|
|a Structure and Bonding,
|x 0081-5993 ;
|v 148
|
| 505 |
0 |
|
|a Chemistry by Number Theory -- Chemistry in Four Dimensions -- Is the Rydberg-Ritz relationship valid? -- Calculation of Atomic Structure -- Covalent Interaction -- Molecular Shape -- All is Number.
|
| 520 |
|
|
|a J.C.A. Boeyens and P. Comba Chemistry by Number Theory J.C.A. Boeyens Chemistry in Four Dimensions C.J.H. Schutte Is the Rydberg-Ritz relationship valid? J.C.A. Boeyens Calculation of Atomic Structure J.C.A. Boeyens Covalent Interaction P. Comba and J.C.A. Boeyens Molecular Shape J.C.A. Boeyens and D. C. Levendis All is Number.
|
| 650 |
|
0 |
|a Chemistry.
|
| 650 |
|
0 |
|a Inorganic chemistry.
|
| 650 |
|
0 |
|a Chemometrics.
|
| 650 |
|
0 |
|a Chemistry, Physical and theoretical.
|
| 650 |
1 |
4 |
|a Chemistry.
|
| 650 |
2 |
4 |
|a Inorganic Chemistry.
|
| 650 |
2 |
4 |
|a Math. Applications in Chemistry.
|
| 650 |
2 |
4 |
|a Theoretical and Computational Chemistry.
|
| 700 |
1 |
|
|a Boeyens, Jan C.A.
|e editor.
|
| 700 |
1 |
|
|a Comba, Peter.
|e editor.
|
| 710 |
2 |
|
|a SpringerLink (Online service)
|
| 773 |
0 |
|
|t Springer eBooks
|
| 776 |
0 |
8 |
|i Printed edition:
|z 9783642319761
|
| 830 |
|
0 |
|a Structure and Bonding,
|x 0081-5993 ;
|v 148
|
| 856 |
4 |
0 |
|u http://dx.doi.org/10.1007/978-3-642-31977-8
|z Full Text via HEAL-Link
|
| 912 |
|
|
|a ZDB-2-CMS
|
| 950 |
|
|
|a Chemistry and Materials Science (Springer-11644)
|